| 000 | 00950nam a22003017a 4500 | ||
|---|---|---|---|
| 001 | 0074 | ||
| 003 | DO-SdBPM | ||
| 005 | 20251031122906.0 | ||
| 007 | ta | ||
| 008 | 151113b1990 sp | |||| 00| 0 spa d | ||
| 020 | _a8422658992 | ||
| 040 |
_aDO-SdBPM _bspa _cBPMSU _erda |
||
| 082 | 4 |
_a863.6 _bG633a 1996 _222 |
|
| 100 | 1 |
_aGómez Cerdá, Alfredo _eautor |
|
| 245 | 1 | 0 |
_aApareció en mi ventana / _cAlfredo Gómez Cerdá ; ilustración Jesús Gabán |
| 260 | _c | ||
| 264 |
_aBarcelona : _bEdiciones S. M., _c1996 |
||
| 300 |
_a111 páginas : _bilustraciones ; _c21 cm. |
||
| 336 |
_atexto _btxt _2rdacontent |
||
| 337 |
_asin mediación _bn _2rdamedia |
||
| 338 |
_avolumen _bnc _2rdacarrier |
||
| 490 | 0 |
_aEl barco de vapor ; _aCírculo de lectores |
|
| 590 | _aInventariado, 2025/VM | ||
| 650 | 7 | _acuentos españoles juveniles | |
| 650 | 7 | _aLiteratura juvenil española | |
| 910 | _aVMateo V. Control de calidad. BPMSU | ||
| 942 |
_2ddc _cBK |
||
| 999 |
_c8712 _d8712 |
||